LEADER 03455nam 2200721Ia 450 001 9910461977303321 005 20200520144314.0 010 $a9786613911698 010 $a1-283-59924-4 010 $a0-7391-3295-4 035 $a(CKB)2670000000241710 035 $a(EBL)1021867 035 $a(OCoLC)855502115 035 $a(SSID)ssj0000720831 035 $a(PQKBManifestationID)12245720 035 $a(PQKBTitleCode)TC0000720831 035 $a(PQKBWorkID)10686453 035 $a(PQKB)10744719 035 $a(SSID)ssj0000791539 035 $a(PQKBManifestationID)12306989 035 $a(PQKBTitleCode)TC0000791539 035 $a(PQKBWorkID)10758259 035 $a(PQKB)11473614 035 $a(MiAaPQ)EBC1021867 035 $a(Au-PeEL)EBL1021867 035 $a(CaPaEBR)ebr10602192 035 $a(CaONFJC)MIL391169 035 $a(EXLCZ)992670000000241710 100 $a20090706d2010 uy 0 101 0 $aeng 135 $aur|n|---||||| 181 $ctxt 182 $cc 183 $acr 200 10$aHistory vs. apologetics$b[electronic resource] $ethe Holocaust, the Third Reich, and the Catholic Church /$fDavid Cymet 210 $aLanham, Md. $cLexington Books$dc2010 215 $a1 online resource (510 p.) 300 $aDescription based upon print version of record. 311 $a0-7391-3294-6 311 $a0-7391-3293-8 320 $aIncludes bibliographical references and index. 327 $aCover; Title Page; Copyright Page; Dedication Page; Table of Contents; Acknowledgments; Preface; 1: Introduction; 2: Hitler's Background; 3: Hitler in Power: 1933; 4: German Rearmament; 5: Hitler's Grossdeutschland; 6: Catholic Europe ""Defends"" Itself from the Jews; 7: World War II; 8: The Einsatzgruppen; 9: The Death Camps; 10: The Final Solution in Christian Europe; 11: Vatican Response to the Final Solution; 12: Pius XII in the Postwar Period (1945-1958); Epilogue: After Pope Pius XII's Death; Bibliography; Index; About the Author 330 $aSet within the context of the political and ideological developments of the time, History vs. Apologetics examines the role played by the Catholic Church in the rise and consolidation of the Third Reich and in particular with regard to the Nazi persecution of the Jews. David Cymet's comprehensive critical analysis of the polemical literature on the topic makes it possible to separate legitimate history from apologetic allegations and misrepresentations, bringing to light key elements of Church policy intentionally misinterpreted by apologists. By surveying the Church's policy from prior to the 606 $aChristianity and antisemitism$xHistory 606 $aHolocaust, Jewish (1939-1945) 606 $aJudaism$xRelations$xCatholic Church 606 $aNational socialism and religion 606 $aWorld War, 1939-1945$xReligious aspects$xCatholic Church 608 $aElectronic books. 615 0$aChristianity and antisemitism$xHistory. 615 0$aHolocaust, Jewish (1939-1945) 615 0$aJudaism$xRelations$xCatholic Church. 615 0$aNational socialism and religion. 615 0$aWorld War, 1939-1945$xReligious aspects$xCatholic Church. 676 $a940.5315296 700 $aCymet$b David$f1931-$0936565 801 0$bMiAaPQ 801 1$bMiAaPQ 801 2$bMiAaPQ 906 $aBOOK 912 $a9910461977303321 996 $aHistory vs. apologetics$92109639 997 $aUNINA LEADER 03128oam 2200529 c 450 001 996308807003316 005 20220221094418.0 010 $a3-8394-0348-0 024 7 $a10.14361/9783839403488 035 $a(CKB)3710000000482628 035 $a(OAPEN)1007546 035 $a(DE-B1597)461356 035 $a(OCoLC)1013948693 035 $a(OCoLC)946555158 035 $a(DE-B1597)9783839403488 035 $a(MiAaPQ)EBC5494164 035 $a(Au-PeEL)EBL5494164 035 $a(OCoLC)1049913264 035 $a(transcript Verlag)9783839403488 035 $a(EXLCZ)993710000000482628 100 $a20220221d2015 uy 0 101 0 $ager 135 $auuuuu---auuuu 181 $ctxt$2rdacontent 182 $cc$2rdamedia 183 $acr$2rdacarrier 200 00$aEinfu?hrungen in die Psychoanalyse I$eEinfu?hlen, Unbewußtes, Symptom, Hysterie, Sexualita?t, U?bertragung, Perversion$fKarl-Josef Pazzini, Susanne Gottlob 205 $a1st ed. 210 $aBielefeld$ctranscript Verlag$d2015 215 $a1 online resource (160) 225 0 $aPsychoanalyse 300 $aPsychoanalyse 311 $a3-89942-348-8 327 $aFrontmatter 1 Inhalt 5 Vorwort 7 ?Einfu?hlen? und ?Erschließen? bei Freud 11 Die Bildungen des Unbewußten 29 Was sagt das Symptom? 47 Hysterie: »... sagte ich mir, der Fall ko?nne keine Hysterie sein« (Freud) 69 Zum Mißversta?ndnis der weiblichen Sexualita?t bei Freud. Kastrationswahrnehmung als symbolische Matrix 89 Zur U?bertragung - Der Analytiker als Schatzka?stchen 105 Perversion: Savoir-faire und Monotonie. Versuch einer Strukturanalyse 131 Autorinnen und Autoren 157 330 $aPsychoanalyse hat unsere Kultur mitbestimmt, einiges aus ihrem Vokabular findet sich in der Alltagssprache. Sie provoziert die Wissenschaften und regt das Denken in verschiedenen Disziplinen bis heute unvermindert an. Doch das Begriffsinventar, die Denkfiguren und die Forschungs- und Anwendungsfelder der Psychoanalyse sind nicht ohne weiteres versta?ndlich und erfordern eine Hinfu?hrung. In diesem Buch werden aus unterschiedlichen Praxen der Forschung und Arbeit (der Kur, der Therapie, der Kulturwissenschaft, der Literaturwissenschaft, der U?bersetzung und der Philosophie) grundlegende Begriffe entfaltet: Einfu?hlen, Unbewußtes, Symptom, Hysterie, Sexualita?t, U?bertragung, Perversion. Jeder der Themenbeitra?ge nimmt seinen Ausgangspunkt bei einem entsprechenden Textausschnitt aus den Werken Freuds und Lacans. 606 $aPsychoanalyse; Hysterie; Sexualita?t; Unbewusstes; U?bersetzung; Psychologie; Psychoanalysis; Sexuality; Psychology; 610 $aPsychology. 610 $aSexuality. 615 4$aPsychoanalyse; Hysterie; Sexualita?t; Unbewusstes; U?bersetzung; Psychologie; Psychoanalysis; Sexuality; Psychology; 702 $aPazzini$b Karl-Josef$4edt 702 $aGottlob$b Susanne$4edt 801 0$bDE-B1597 801 1$bDE-B1597 906 $aBOOK 912 $a996308807003316 996 $aEinführungen in die Psychoanalyse I$92292957 997 $aUNISA